Začarovaný strom /

Hlavní autor: Osipov, Nikolaj
Další autoři: Kirillov, Viktor
Jazyk: Čeština
Vydáno: Moskva : Raduga, 1988
Témata:
Fyzický popis: 84 s.
Knihy
Uloženo v:
LEADER 00650nam a22002052a 4500
001 000290436
003 CZ BrMZK
005 19980107143423.0
008 980107s1988 ru f cze d
040 |a BOA001  |b cze 
080 |a 882-93-343.4=854  |2 MRF 
100 1 |a Osipov, Nikolaj 
245 1 0 |a Začarovaný strom /  |c Nikolaj Osipov ; ilustroval Viktor Kirillov. 
260 |a Moskva :  |b Raduga,  |c 1988 
300 |a 84 s. 
700 1 |a Kirillov, Viktor 
910 |a BOA001  |b PK-0109.661 
964 |a Rostliny - život - vyprávění pro děti 
990 |a BK 
996 7 |b 3119920934  |c PK-0109.661  |l MZK  |r Sklad / do 1 hodiny  |n 0  |w 000290436  |u 000010  |a 1  |e BOA001  |j MZK50  |s A